000 00572nam a22001697a 4500
005 20251108173210.0
008 250721s2005 xx 000 0 ara d
082 1 4 _a730.9564/ جوا
100 1 _aالجوابره، نصر يوسف
245 1 0 _aالبنية الفكرية للفن التشكيلي المعاصر في فلسطين /
264 1 _aعمان :
_bدار الراد للنشر و التوزيع،
_c2005.
300 _a266ص- مصور
650 1 7 _aتاريخ فلسطين
650 1 7 _aالفن التشكيلي
942 _2ddc
_cBK
999 _c98364
_d98364